01291nam a2200337Ia 4500001001200000003000800012006001900020007001500039008004100054010001700095020001800112020001800130020002800148040002100176035002100197050002600218082002000244100003200264245009100296260003600387300002300423490003500446504006000481533015200541650002700693650002500720655002900745710001700774830003600791856012600827ebr10221933CaPaEBRm u cr cn|||||||||061214s2007 maua sb 001 0 eng d z 2006052654 z9781596931626 z9781596931633 z1596931620 (alk. paper) aCaPaEBRcCaPaEBR a(OCoLC)22829799414aTK7872.O7bG63 2007eb04a621.3815/332221 aGonzalez, Guillermo,d1944-10aFoundations of oscillator circuit designh[electronic resource] /cGuillermo Gonzalez. aBoston :bArtech House,cc2007. axi, 422 p. :bill.1 aArtech House microwave library aIncludes bibliographical references (p. 413) and index. aElectronic reproduction.bPalo Alto, Calif. :cebrary,d2009.nAvailable via World Wide Web.nAccess may be limited to ebrary affiliated libraries. 0aOscillators, Electric. 0aElectronic circuits. 7aElectronic books.2local2 aebrary, Inc. 0aArtech House microwave library.40uhttp://site.ebrary.com/lib/rucke/Doc?id=10221933zAn electronic book accessible through the World Wide Web; click to view